| 000 | | | 05242cmc2a2200253#x 450 |
| 001 | | | 91a49e26-1ddd-454b-9c74-39d5ad9f95db |
| 005 | | | 20250221094742.0 |
| 100 | ## | $a | 20230605l19261926k y0rusy50 ca |
| 101 | 0# | $a | rus |
| | $a | mul |
| 102 | ## | $a | RU |
| 105 | ## | $a | y z ||||| |
| 122 | 2# | $a | d19260112## |
| | $a | d19260513## |
| 200 | 1# | $a | О переименовании г. Пишпек в гор. Фрунзе |
| | $j | 12.01.1926 - 13.05.1926 |
| 215 | ## | $a | 10 листов |
| | $d | 38 х 24,5 |
| 251 | ## | $c | Дело |
| 300 | ## | $a | Листы: 10-1 - обратная нумерация |
| 300 | ## | $a | Часть текста на языках народов СССР |
| 300 | ## | $a | Часть текста машинописная и рукописная, часть - напечатана типографским способом |
| 461 | #0 | $1 | 001796d4672-8a00-4986-b488-6e42273792cc |
| | $1 | 2001 |
| | $a | ЦЕНТРАЛЬНЫЙ ИСПОЛНИТЕЛЬНЫЙ КОМИТЕТ СССР (ЦИК СССР) |
| | $1 | 251 |
| | $c | Фонд |
| | $1 | 852 |
| | $g | Р |
| | $j | 3316 |
| 462 | #0 | $1 | 001e365b2fb-f374-4764-a068-dc9012f0aaee |
| | $1 | 2001 |
| | $a | Дела Секретариата Президиума ЦИК Союза ССР за 1926 г. |
| | $v | Д. 753 |
| | $1 | 251 |
| | $c | Опись |
| | $1 | 852 |
| | $j | 19 |
| 801 | #0 | $a | RU |
| | $b | GA_RF |
| 801 | #1 | $a | RU |
| | $b | ГлавНИВЦ |
| | $c | 20230605 |
| | $2 | rusmarc |
| 801 | #2 | $a | RU |
| | $b | ПБ им. Б.Н. Ельцина |
| | $c | 20230621 |
| | $g | RCR |
| | $2 | rusmarc |
| 852 | ## | $a | ГА РФ |
| | $j | 753 |
| 937 | ## | $d | 185556371 |
| | $h | ГАРФ |
| 035 | ## | $a | RuPRLIB51071479 |
| 856 | ## | $u | http://readingroom.main.prlib.ru/item.aspx?id_node=n185556371&mode=full |
| 605 | ## | $2 | acquisition_Prlib |
| | $3 | DITM\AF\0000004166 |
| | $a | Россия в лицах |
| | $l | коллекция |
| 605 | ## | $2 | acquisition_Prlib |
| | $3 | DITM\AF\0000002775 |
| | $a | Власть |
| | $l | коллекция |
| 605 | ## | $2 | acquisition_Prlib |
| | $3 | LIBNET\UAF\0000083038 |
| | $a | Россия – Киргизия: из истории взаимоотношений |
| | $l | коллекция |
| 607 | ## | $2 | prlib_sh |
| | $3 | LIBNET\UAF\0000115851 |
| | $a | Бишкек, город (Киргизия) |
| | $j | Архивные дела |
| | $x | История |
| 600 | #1 | $2 | prlib_sh |
| | $3 | LIBNET\UAF\0000115630 |
| | $a | Фрунзе |
| | $b | М. В |
| | $f | 1885 - 1925 |
| | $g | Михаил Васильевич |
| | $j | Архивные дела |
| | $x | Увековечение памяти |
| 686 | ## | $2 | rubbk |
| | $a | 63.3(5Кир-2Биш)61ю1 |
| | $v | LBC/M |
| 850 | ## | $a | Государственный архив Российской Федерации |